000 01068nam a22002177a 4500
999 _c57343
_d57343
003 Ge_BSU
005 20200609114811.0
008 200527r2018 ge ||||| |||| 00| 0 geo d
020 _a9789941960772
041 _ageo
080 _a342.9(479.22) ც-92
100 _aტურავა, პაატა.
_98216
245 _aზოგადი ადმინისტრაციული სამართალი :
_b[სახელმძღვანელო] /
_c პაატა ტურავა.
250 _aმე-2 გამოცემა
264 _aთბილისი :
_bიურისტების სამყარო,
_c2018.
300 _a300 გვ. ;
_b20 სმ.
500 _aთავფურცლის მე-3 გვერდი გერმანუ ენაზე.
504 _aბიბლიოგრაფია ტექსტის შენიშვნებში
653 _aსაქართველოს ადმინისტრაციული სამართალი
942 _2udc
_cBK